000 00312nam a2200133Ia 4500
005 20251222155125.0
008 251222s9999||||xx |||||||||||||| ||spa||
082 _aMEQ.269
100 _aMINSA.
245 0 _aInfecciones Intrahospitalarias
250 _a1ra. ed.
264 _bAcción científica
942 _cLIB
999 _c38578
_d38578